[Event "Titled Tuesday intern op 04th Feb Late"]
[Site "Chess.com INT"]
[Date "2025.02.04"]
[Round "8"]
[White "Elissalt Cardenas, Hector"]
[Black "Souza dos Santos, Matheus Garcett"]
[Result "1-0"]
[WhiteElo "2310"]
[BlackElo "1967"]
[PlyCount "73"]
[EventDate "2025.02.04"]
[EventType "swiss (blitz)"]
[EventRounds "11"]
[EventCountry "USA"]
[SourceTitle "CB07_2025"]
[SourceDate "2025.02.12"]
[SourceVersion "1"]
[SourceVersionDate "2025.02.12"]
[SourceQuality "1"]

1. c4 e5 2. Nc3 Nc6 3. d3 g6 4. g3 Bg7 5. Bg2 d6 6. e4 Nge7 7. Nge2 0-0 8. 0-0 Nd4 9. Nxd4 exd4 10. Nd5 c6 11. Nxe7+ Qxe7 12. f4 f5 13. Re1 fxe4 14. dxe4 Be6 15. Qd3 Qf7 16. b3 Rac8 17. Bb2 c5 18. a4 Ra8 19. a5 Rae8 20. Bc1 Kh8 21. Bd2 b6 22. axb6 axb6 23. Ra6 Rb8 24. Qc2 b5 25. Rxd6 bxc4 26. bxc4 Bxc4 27. e5 Rfc8 28. e6 Qf8 29. Rd7 Bb3 30. Qe4 c4 31. e7 Qe8 32. Rxd4 c3 33. Bc1 Bxd4+ 34. Qxd4+ Kg8 35. h4 Qf7 36. Bh3 Re8 37. Ba3 1-0

[Event "Titled Tuesday intern op 10th Sep Early"]
[Site "Chess,com INT"]
[Date "2024.09.10"]
[Round "2"]
[White "Elissalt Cardenas, Hector"]
[Black "Matveeva, Olga"]
[Result "0-1"]
[WhiteElo "2335"]
[BlackElo "2196"]
[PlyCount "86"]
[EventDate "2024.09.10"]
[EventType "swiss (blitz)"]
[EventRounds "11"]
[EventCountry "USA"]
[SourceTitle "EXT 2025"]
[Source "ChessBase"]
[SourceDate "2024.10.14"]
[SourceVersion "1"]
[SourceVersionDate "2024.10.14"]
[SourceQuality "1"]

1. c4 e6 2. Qa4 Nf6 3. Nf3 c5 4. g3 Nc6 5. Bg2 Be7 6. 0-0 0-0 7. Nc3 d6 8. Rd1 Bd7 9. Qc2 Rb8 10. d4 cxd4 11. Nxd4 Nxd4 12. Rxd4 Bc6 13. e4 e5 14. Rd1 Qc7 15. Qe2 a6 16. a4 Rfc8 17. a5 b5 18. axb6 Qxb6 19. Ra2 a5 20. Be3 Qb4 21. Rda1 Bd8 22. h3 h6 23. Kh2 Ba8 24. Nd5 Qxc4 25. Nxf6+ Bxf6 26. Qg4 Kh7 27. Rxa5 Bb7 28. Ra7 Ra8 29. Qd7 Rc7 30. Qf5+ g6 31. Qxf6 Rac8 32. Qh4 h5 33. Qg5 Bxe4 34. Rxc7 Rxc7 35. Qh6+ Kg8 36. Ra8+ Rc8 37. Rxc8+ Qxc8 38. Bxe4 Qe6 39. b4 d5 40. Bg2 d4 41. Bg5 Qb6 42. Bd5 d3 43. Be3 Qd6 0-1

[Event "Titled Tuesday intern op 10th Sep Early"]
[Site "Chess,com INT"]
[Date "2024.09.10"]
[Round "5"]
[White "Lopez Abreu, Michel Samuel"]
[Black "Elissalt Cardenas, Hector"]
[Result "0-1"]
[WhiteElo "2038"]
[BlackElo "2335"]
[PlyCount "58"]
[EventDate "2024.09.10"]
[EventType "swiss (blitz)"]
[EventRounds "11"]
[EventCountry "USA"]
[SourceTitle "EXT 2025"]
[Source "ChessBase"]
[SourceDate "2024.10.14"]
[SourceVersion "1"]
[SourceVersionDate "2024.10.14"]
[SourceQuality "1"]

1. Nf3 d5 2. e3 Nf6 3. c4 c6 4. Nc3 g6 5. d4 Bg7 6. Be2 0-0 7. 0-0 a6 8. a3 b5 9. c5 a5 10. Bd2 Bg4 11. b4 Bxf3 12. Bxf3 axb4 13. axb4 Nbd7 14. Qc2 e5 15. dxe5 Nxe5 16. Be2 Nc4 17. Bxc4 dxc4 18. Ne2 Nd5 19. Rxa8 Qxa8 20. Nd4 Bxd4 21. exd4 Re8 22. Qb2 Re2 23. Re1 Qe8 24. Kf1 Rxe1+ 25. Bxe1 Qe4 26. Bd2 Kg7 27. h3 Qd3+ 28. Ke1 c3 29. Qc1 cxd2+ 0-1

[Event "Titled Tuesday intern op 10th Sep Early"]
[Site "Chess,com INT"]
[Date "2024.09.10"]
[Round "4"]
[White "Shevchenko, Yaroslav"]
[Black "Elissalt Cardenas, Hector"]
[Result "1-0"]
[WhiteElo "2038"]
[BlackElo "2335"]
[PlyCount "109"]
[EventDate "2024.09.10"]
[EventType "swiss (blitz)"]
[EventRounds "11"]
[EventCountry "USA"]
[SourceTitle "EXT 2025"]
[Source "ChessBase"]
[SourceDate "2024.10.14"]
[SourceVersion "1"]
[SourceVersionDate "2024.10.14"]
[SourceQuality "1"]

1. e4 d6 2. d4 Nf6 3. Nc3 e5 4. dxe5 dxe5 5. Qxd8+ Kxd8 6. Bg5 Be6 7. 0-0-0+ Nbd7 8. f3 Kc8 9. Nge2 c6 10. a3 a5 11. Rd2 Bc5 12. Nd1 h6 13. Be3 Kc7 14. h4 Bxe3 15. Nxe3 h5 16. g3 g6 17. Bg2 Nc5 18. Rhd1 Rad8 19. b4 axb4 20. axb4 Na4 21. Rxd8 Rxd8 22. Rxd8 Kxd8 23. f4 Ng4 24. Kd2 Nxe3 25. Kxe3 f6 26. Nc1 Bc4 27. Bf3 Ke7 28. Nd3 Bxd3 29. Kxd3 b5 30. Ke3 Nb6 31. Be2 Nc8 32. f5 gxf5 33. exf5 Nd6 34. Bxh5 Nxf5+ 35. Kf2 Nd4 36. c3 Nf5 37. Bf3 Kd6 38. Be4 Nh6 39. Kf3 f5 40. Bc2 Ke6 41. Bb3+ Kd6 42. Bc2 Ke6 43. Kf2 e4 44. Ke3 Ke5 45. Bd1 Nf7 46. Bh5 Nh6 47. Be2 Nf7 48. c4 bxc4 49. Bxc4 Nh6 50. Be2 Nf7 51. Bd1 Nh6 52. Bh5 Ng8 53. Be8 Kd6 54. Kf4 Nf6 55. Bf7 1-0

[Event "Titled Tuesday intern op 03rd Sep Early"]
[Site "Chess.com INT"]
[Date "2024.09.03"]
[Round "5"]
[White "Elissalt Cardenas, Hector"]
[Black "Hajiyev, Kanan"]
[Result "0-1"]
[WhiteElo "2335"]
[BlackElo "2109"]
[PlyCount "48"]
[EventDate "2024.09.03"]
[EventType "swiss (blitz)"]
[EventRounds "11"]
[EventCountry "USA"]
[SourceTitle "EXT 2025"]
[Source "ChessBase"]
[SourceDate "2024.10.14"]
[SourceVersion "1"]
[SourceVersionDate "2024.10.14"]
[SourceQuality "1"]

1. d4 a6 2. Nf3 c6 3. e4 d5 4. e5 Bg4 5. h3 Bxf3 6. Qxf3 e6 7. c3 c5 8. Be3 Nc6 9. Qd1 Qb6 10. dxc5 Qxb2 11. Nd2 Qxc3 12. Rc1 Qxe5 13. Bd3 Nf6 14. 0-0 Be7 15. Qb3 Rb8 16. Qa4 d4 17. Nf3 Qd5 18. Nxd4 0-0 19. Nxc6 bxc6 20. Rfd1 Qh5 21. Qxc6 Nd5 22. Bd2 Rfc8 23. Qxa6 Bxc5 24. Rc4 Qxd1+ 0-1

[Event "Titled Tuesday intern op 03rd Sep Early"]
[Site "Chess.com INT"]
[Date "2024.09.03"]
[Round "1"]
[White "Gorovets, Andrey"]
[Black "Elissalt Cardenas, Hector"]
[Result "1-0"]
[WhiteElo "2476"]
[BlackElo "2335"]
[PlyCount "59"]
[EventDate "2024.09.03"]
[EventType "swiss (blitz)"]
[EventRounds "11"]
[EventCountry "USA"]
[SourceTitle "EXT 2025"]
[Source "ChessBase"]
[SourceDate "2024.10.14"]
[SourceVersion "1"]
[SourceVersionDate "2024.10.14"]
[SourceQuality "1"]

1. d4 Nf6 2. Nf3 e6 3. c4 Bb4+ 4. Bd2 a5 5. g3 Qe7 6. Bg2 Nc6 7. 0-0 Bxd2 8. Qxd2 0-0 9. Nc3 d6 10. d5 Nb4 11. dxe6 fxe6 12. Nd4 Na6 13. Nb3 Nb8 14. Rac1 Nc6 15. Rfd1 Ne5 16. Ne4 a4 17. Nd4 a3 18. b4 Nxe4 19. Bxe4 Bd7 20. Bxb7 Rab8 21. Bg2 Ba4 22. Rf1 c5 23. bxc5 dxc5 24. Nf3 Rb2 25. Qe3 Nxf3+ 26. Bxf3 Rxa2 27. Ra1 Rxa1 28. Rxa1 Rb8 29. Rxa3 Be8 30. Ra5 1-0

[Event "Titled Tuesday intern op 03rd Sep Early"]
[Site "Chess.com INT"]
[Date "2024.09.03"]
[Round "6"]
[White "Vargas Pereda, Jesus Manuel"]
[Black "Elissalt Cardenas, Hector"]
[Result "1-0"]
[WhiteElo "1930"]
[BlackElo "2335"]
[PlyCount "35"]
[EventDate "2024.09.03"]
[EventType "swiss (blitz)"]
[EventRounds "11"]
[EventCountry "USA"]
[SourceTitle "EXT 2025"]
[Source "ChessBase"]
[SourceDate "2024.10.14"]
[SourceVersion "1"]
[SourceVersionDate "2024.10.14"]
[SourceQuality "1"]

1. e4 d6 2. d4 Nf6 3. Nc3 e5 4. Nf3 Nbd7 5. Bc4 Be7 6. Bxf7+ Kxf7 7. Ng5+ Kg8 8. Ne6 Qe8 9. Nxc7 Qg6 10. 0-0 exd4 11. Qxd4 Ne5 12. f4 Bh3 13. Qf2 d5 14. Kh1 Bc5 15. Qg3 Nh5 16. Qxh3 Ng4 17. N3xd5 Rd8 18. f5 1-0

[Event "Titled Tuesday intern op 27th Aug Late"]
[Site "Chess.com INT"]
[Date "2024.08.27"]
[Round "1"]
[White "Yeganegi, Barad"]
[Black "Elissalt Cardenas, Hector"]
[Result "0-1"]
[WhiteElo "2355"]
[BlackElo "2335"]
[PlyCount "68"]
[EventDate "2024.08.27"]
[EventType "swiss (blitz)"]
[EventRounds "11"]
[EventCountry "USA"]
[SourceTitle "EXT 2025"]
[Source "ChessBase"]
[SourceDate "2024.10.14"]
[SourceVersion "1"]
[SourceVersionDate "2024.10.14"]
[SourceQuality "1"]

1. c4 e5 2. d3 d6 3. g3 f5 4. Bg2 Nf6 5. Nc3 Be7 6. e3 0-0 7. Nge2 c6 8. 0-0 Na6 9. e4 Nc7 10. f4 fxe4 11. Nxe4 Nxe4 12. dxe4 exf4 13. Bxf4 Ne6 14. Be3 Bf6 15. Qd2 Be5 16. Rxf8+ Qxf8 17. Rf1 Qe7 18. Nf4 Bd7 19. Nd3 Bd4 20. Bxd4 Nxd4 21. Kh1 Rf8 22. Nf4 Qe5 23. Rd1 c5 24. Qe3 Bg4 25. Re1 Nc2 26. Qd2 Nxe1 27. Qxe1 g5 28. Nd5 Bf3 29. Nc3 g4 30. Qd2 Kg7 31. Bxf3 gxf3 32. Kg1 f2+ 33. Kf1 Qh5 34. h4 Qf3 0-1

[Event "Titled Tuesday intern op 09th Jan Early"]
[Site "Chess.com INT"]
[Date "2024.01.09"]
[Round "2"]
[White "Elissalt Cardenas, Hector"]
[Black "Perske, Thore"]
[Result "0-1"]
[WhiteElo "2342"]
[BlackElo "2449"]
[PlyCount "60"]
[EventDate "2024.01.09"]
[EventType "swiss (blitz)"]
[EventRounds "11"]
[EventCountry "USA"]
[SourceTitle "CBM 218 Extra"]
[Source "ChessBase"]
[SourceDate "2024.03.31"]
[SourceVersion "1"]
[SourceVersionDate "2024.03.31"]
[SourceQuality "1"]

1. d4 Nf6 2. c4 g6 3. Nc3 Bg7 4. e4 0-0 5. Be2 d6 6. Be3 Na6 7. h4 h5 8. Nh3 Bxh3 9. Rxh3 c5 10. d5 Nc7 11. f3 e6 12. Kf2 e5 13. Qd2 Nh7 14. Bd3 f5 15. Bh6 f4 16. Bxg7 Kxg7 17. Rg1 Rf6 18. a3 a5 19. Bc2 Qe7 20. Ba4 Raf8 21. Rhh1 R6f7 22. Rh3 b6 23. Rhh1 Kh8 24. Ke2 Rg7 25. Nd1 Rfg8 26. Nf2 g5 27. hxg5 Rxg5 28. Kf1 Qg7 29. Nh3 Rg3 30. Bd7 Qxd7 0-1

[Event "Titled Tuesday intern op 09th Jan Early"]
[Site "Chess.com INT"]
[Date "2024.01.09"]
[Round "4"]
[White "Elissalt Cardenas, Hector"]
[Black "Skurikhin, Dmitrij"]
[Result "0-1"]
[WhiteElo "2342"]
[BlackElo "2288"]
[PlyCount "68"]
[EventDate "2024.01.09"]
[EventType "swiss (blitz)"]
[EventRounds "11"]
[EventCountry "USA"]
[SourceTitle "CBM 218 Extra"]
[Source "ChessBase"]
[SourceDate "2024.03.31"]
[SourceVersion "1"]
[SourceVersionDate "2024.03.31"]
[SourceQuality "1"]

1. d4 d5 2. c4 c6 3. cxd5 cxd5 4. Bf4 Nf6 5. e3 Nc6 6. Bd3 a6 7. h3 g6 8. Nd2 Bf5 9. Bxf5 gxf5 10. Ngf3 e6 11. Ne5 Bd6 12. 0-0 Bxe5 13. Bxe5 Nxe5 14. dxe5 Nd7 15. f4 Qb6 16. Qb3 Rc8 17. Rac1 Rxc1 18. Rxc1 Qxb3 19. Nxb3 Kd8 20. Na5 b5 21. Nb7+ Ke7 22. Rc7 Ra8 23. Nc5 Rd8 24. Nxa6 Ke8 25. Rb7 Rc8 26. Rxb5 Rc1+ 27. Kf2 Rc2+ 28. Kf3 f6 29. exf6 Nxf6 30. Nc5 h5 31. g3 Ne4 32. Nd3 Rd2 33. Rb3 Rc2 34. Rc3 Nxc3 0-1

[Event "Titled Tuesday intern op 09th Jan Early"]
[Site "Chess.com INT"]
[Date "2024.01.09"]
[Round "3"]
[White "Nikulina, Alena"]
[Black "Elissalt Cardenas, Hector"]
[Result "1/2-1/2"]
[WhiteElo "1844"]
[BlackElo "2342"]
[PlyCount "114"]
[EventDate "2024.01.09"]
[EventType "swiss (blitz)"]
[EventRounds "11"]
[EventCountry "USA"]
[SourceTitle "CBM 218 Extra"]
[Source "ChessBase"]
[SourceDate "2024.03.31"]
[SourceVersion "1"]
[SourceVersionDate "2024.03.31"]
[SourceQuality "1"]

1. e4 d6 2. d4 Nf6 3. Nc3 e5 4. Bc4 Be7 5. Nf3 Nbd7 6. 0-0 0-0 7. a4 c6 8. Bg5 h6 9. Bh4 Nh7 10. Bxe7 Qxe7 11. dxe5 dxe5 12. Qe2 a5 13. Qe3 Ng5 14. Nxg5 Qxg5 15. Qxg5 hxg5 16. g3 g4 17. f3 gxf3 18. Rxf3 Nc5 19. b3 Be6 20. Bxe6 Nxe6 21. Ne2 Nc5 22. Nc3 Rad8 23. Rf2 f6 24. Kg2 Rd4 25. Kf3 f5 26. exf5 Rxf5+ 27. Ke3 Rxf2 28. Kxf2 Rd2+ 29. Ne2 Rxc2 30. Rb1 Kf7 31. Ke3 Ke6 32. h4 Ra2 33. Nc3 Ra3 34. Ne4 Rxb3+ 35. Rxb3 Nxb3 36. g4 b5 37. axb5 cxb5 38. Kd3 a4 39. Kc3 Kd5 40. Ng5 e4 41. h5 e3 42. Nf3 Nc5 43. g5 a3 44. h6 gxh6 45. gxh6 Ne4+ 46. Kb3 Nf6 47. Kxa3 Kc4 48. Kb2 b4 49. Ne1 b3 50. Nf3 Kb4 51. Ne5 e2 52. Nd3+ Kc4 53. Ne1 Nh7 54. Nf3 Ng5 55. Ne1 Nh7 56. Nf3 Nf6 57. Ne1 Nh7 1/2-1/2

[Event "Titled Tuesday intern op 19th Dec Early"]
[Site "Chess.com INT"]
[Date "2023.12.19"]
[Round "3"]
[White "Elissalt Cardenas, Hector"]
[Black "Baches Garcia, Guillermo"]
[Result "0-1"]
[WhiteElo "2337"]
[BlackElo "2327"]
[PlyCount "74"]
[EventDate "2023.12.19"]
[EventType "swiss (blitz)"]
[EventRounds "11"]
[EventCountry "USA"]
[SourceTitle "CBM 217 Extra"]
[Source "ChessBase"]
[SourceDate "2024.01.31"]
[SourceVersion "1"]
[SourceVersionDate "2024.01.31"]
[SourceQuality "1"]

1. d4 d5 2. c4 e6 3. Nc3 a6 4. cxd5 exd5 5. Bf4 Nf6 6. e3 c5 7. Nf3 c4 8. Be2 Be7 9. 0-0 0-0 10. Ne5 b5 11. a3 Bb7 12. g4 Nbd7 13. g5 Ne4 14. Nxe4 dxe4 15. Nxd7 Qxd7 16. Kh1 Bd5 17. Rg1 Bd6 18. Bg3 a5 19. Bg4 Qc6 20. Bh3 b4 21. axb4 axb4 22. Qh5 g6 23. Qg4 Be6 24. Qh4 Bxh3 25. Qxh3 c3 26. bxc3 bxc3 27. Bxd6 Qxd6 28. Rac1 Rac8 29. Qh4 Qd5 30. Rg3 c2 31. Rh3 h5 32. gxh6 Qf5 33. h7+ Kh8 34. Qh6 Rfe8 35. Qh4 Rc6 36. Rg3 Rb8 37. Qe7 Kxh7 0-1

[Event "Figueira da Foz op 17th"]
[Site "Figueira da Foz"]
[Date "2023.11.09"]
[Round "6"]
[White "Elissalt Cardenas, Hector"]
[Black "Goncalves, Lucas Jordao"]
[Result "1-0"]
[WhiteElo "2327"]
[BlackElo "2018"]
[PlyCount "47"]
[EventDate "2023.11.05"]
[EventType "swiss"]
[EventRounds "9"]
[EventCountry "POR"]
[SourceTitle "CBM 217 Extra"]
[Source "ChessBase"]
[SourceDate "2024.01.31"]
[SourceVersion "1"]
[SourceVersionDate "2024.01.31"]
[SourceQuality "1"]

1. d4 d5 2. c4 e6 3. Nf3 Nf6 4. Bg5 Be7 5. Nbd2 0-0 6. e3 b6 7. Bd3 Nbd7 8. Qc2 Bb7 9. 0-0 h6 10. Bh4 c5 11. Rfd1 Rc8 12. b3 b5 13. Qb2 dxc4 14. bxc4 Bxf3 15. Nxf3 bxc4 16. Bxc4 Nb6 17. Ba6 c4 18. Bxc8 Qxc8 19. Ne5 Qa6 20. Qe2 Rc8 21. a4 Qa5 22. Rdc1 c3 23. Qb5 Bb4 24. Nc6 1-0

[Event "Figueira da Foz op 17th"]
[Site "Figueira da Foz"]
[Date "2023.11.07"]
[Round "3"]
[White "Elissalt Cardenas, Hector"]
[Black "Jai, Sankar Subramanian"]
[Result "1-0"]
[WhiteElo "2327"]
[BlackElo "1890"]
[PlyCount "79"]
[EventDate "2023.11.05"]
[EventType "swiss"]
[EventRounds "9"]
[EventCountry "POR"]
[SourceTitle "CBM 217 Extra"]
[Source "ChessBase"]
[SourceDate "2024.01.31"]
[SourceVersion "1"]
[SourceVersionDate "2024.01.31"]
[SourceQuality "1"]

1. d4 Nf6 2. c4 g6 3. f3 d5 4. cxd5 Nxd5 5. e4 Nb6 6. Nc3 Bg7 7. Be3 0-0 8. Qd2 Nc6 9. 0-0-0 e5 10. d5 Nd4 11. Nb5 Nxb5 12. Bxb5 Bd7 13. Qd3 Rc8 14. Ne2 Bxb5 15. Qxb5 c6 16. dxc6 Qc7 17. Kb1 bxc6 18. Qa6 Rb8 19. Bc5 Rfd8 20. Nc3 Bf8 21. Be3 Rdc8 22. Rc1 Qe7 23. Na4 Nxa4 24. Qxa4 Rb4 25. Qa6 Rcb8 26. Rc2 c5 27. Rhc1 R8b6 28. Qc8 Rb8 29. Qc6 Qd8 30. Bxc5 Bxc5 31. Qxc5 Qd3 32. Ka1 R8b5 33. Qc3 Qd6 34. h4 Qb6 35. h5 Kg7 36. g4 Ra5 37. Qd2 h6 38. hxg6 Qe6 39. a3 Rba4 40. gxf7 1-0

[Event "Titled Tuesday intern op 03rd Oct Late"]
[Site "Chess.com INT"]
[Date "2023.10.03"]
[Round "4"]
[White "Mendez Fortes, Eduardo Jesus"]
[Black "Elissalt Cardenas, Hector"]
[Result "1-0"]
[WhiteElo "2231"]
[BlackElo "2329"]
[PlyCount "45"]
[EventDate "2023.10.03"]
[EventType "swiss (blitz)"]
[EventRounds "11"]
[EventCountry "USA"]
[SourceTitle "EXT 2025"]
[Source "ChessBase"]
[SourceDate "2024.10.14"]
[SourceVersion "1"]
[SourceVersionDate "2024.10.14"]
[SourceQuality "1"]

1. e4 d6 2. d4 Nf6 3. Nc3 e5 4. Nf3 Nbd7 5. Bc4 Be7 6. 0-0 0-0 7. a4 c6 8. h3 a5 9. Be3 Nb6 10. Ba2 Nfd7 11. Re1 exd4 12. Nxd4 Nc5 13. Nf5 Bxf5 14. exf5 d5 15. Qg4 Ncd7 16. Rad1 Bf6 17. Ne2 Ne5 18. Qg3 Nec4 19. Bc5 Re8 20. b3 Ne5 21. c4 Ned7 22. Be3 Qc7 23. Qxc7 1-0

[Event "Titled Tuesday intern op 29th Aug Early"]
[Site "Chess.com INT"]
[Date "2023.08.29"]
[Round "7"]
[White "Elissalt Cardenas, Hector"]
[Black "Erzhanov, Arman"]
[Result "1/2-1/2"]
[WhiteElo "2329"]
[BlackElo "2175"]
[PlyCount "74"]
[EventDate "2023.08.29"]
[EventType "swiss (blitz)"]
[EventRounds "11"]
[EventCountry "USA"]
[SourceTitle "EXT 2024"]
[Source "ChessBase"]
[SourceDate "2023.10.10"]
[SourceVersion "1"]
[SourceVersionDate "2023.10.10"]
[SourceQuality "1"]

1. d4 d6 2. e4 Nf6 3. Nc3 c6 4. Be3 e5 5. dxe5 dxe5 6. Qxd8+ Kxd8 7. f3 Be6 8. 0-0-0+ Nbd7 9. g4 Kc7 10. g5 Ne8 11. h4 b5 12. Nh3 b4 13. Na4 Nd6 14. Nf2 Nc4 15. Bxc4 Bxc4 16. Rd2 Be7 17. Ng4 Bb5 18. b3 Bxa4 19. bxa4 f6 20. gxf6 gxf6 21. Nh6 Nb6 22. Nf5 Bf8 23. Rhd1 a5 24. Bxb6+ Kxb6 25. Rd7 Bc5 26. Rf7 Raf8 27. Rxf8 Rxf8 28. Rd7 h5 29. Rh7 Rg8 30. Rxh5 Rg1+ 31. Kd2 Rg2+ 32. Kd3 Rf2 33. Rh8 Rxf3+ 34. Kd2 Rf2+ 35. Kd3 Rf3+ 36. Kd2 Rf4 37. Kd3 Rf3+ 1/2-1/2

[Event "Titled Tuesday intern op 29th Aug Early"]
[Site "Chess.com INT"]
[Date "2023.08.29"]
[Round "4"]
[White "Elissalt Cardenas, Hector"]
[Black "Janaszak, Dawid"]
[Result "0-1"]
[WhiteElo "2329"]
[BlackElo "2302"]
[PlyCount "58"]
[EventDate "2023.08.29"]
[EventType "swiss (blitz)"]
[EventRounds "11"]
[EventCountry "USA"]
[SourceTitle "EXT 2024"]
[Source "ChessBase"]
[SourceDate "2023.10.10"]
[SourceVersion "1"]
[SourceVersionDate "2023.10.10"]
[SourceQuality "1"]

1. d4 Nf6 2. c4 c5 3. d5 b6 4. Nc3 g6 5. e4 d6 6. f4 Bg7 7. Nf3 0-0 8. Bd3 e6 9. 0-0 Na6 10. e5 Ne8 11. Be4 Rb8 12. Qe2 Nac7 13. Rd1 exd5 14. cxd5 Bg4 15. e6 fxe6 16. dxe6 Nxe6 17. Bd5 N8c7 18. h3 Bf5 19. g4 Nxd5 20. gxf5 Nexf4 21. Bxf4 Nxf4 22. Qe4 Rxf5 23. Nd5 Nxd5 24. Rxd5 Qf6 25. Rad1 Rxf3 26. Rxd6 Rf1+ 27. Rxf1 Qxd6 28. Qc4+ Kh8 29. Qf7 Rf8 0-1

[Event "Titled Tuesday intern op 29th Aug Early"]
[Site "Chess.com INT"]
[Date "2023.08.29"]
[Round "6"]
[White "Rizzo, Tobias"]
[Black "Elissalt Cardenas, Hector"]
[Result "1-0"]
[WhiteElo "1925"]
[BlackElo "2329"]
[PlyCount "121"]
[EventDate "2023.08.29"]
[EventType "swiss (blitz)"]
[EventRounds "11"]
[EventCountry "USA"]
[SourceTitle "EXT 2024"]
[Source "ChessBase"]
[SourceDate "2023.10.10"]
[SourceVersion "1"]
[SourceVersionDate "2023.10.10"]
[SourceQuality "1"]

1. d4 d5 2. Nf3 Nf6 3. Bf4 e6 4. e3 Bd6 5. Ne5 0-0 6. Nd2 b6 7. Bd3 Bb7 8. c3 Ne4 9. Bxe4 dxe4 10. Qh5 Nd7 11. Nxd7 Qxd7 12. Bxd6 cxd6 13. 0-0 f5 14. c4 e5 15. dxe5 dxe5 16. Nb3 Qe6 17. Rac1 f4 18. exf4 Rxf4 19. c5 Bd5 20. Rc3 Raf8 21. cxb6 axb6 22. Nd2 Rg4 23. Rh3 h6 24. Rg3 Rxg3 25. hxg3 e3 26. fxe3 Rxf1+ 27. Kxf1 Bxa2 28. Qf3 Bc4+ 29. Ke1 Bd5 30. e4 Bc6 31. Qf2 Bb5 32. Qe3 Qc6 33. Qb3+ Kh7 34. Qc3 Qd6 35. Qb3 Qc6 36. Qc3 Qd6 37. Nf3 Bc6 38. Qc4 b5 39. Qe2 b4 40. Qc4 Ba4 41. Kf2 Bc6 42. Kg1 Bb7 43. Kh2 Bc6 44. b3 Bb7 45. g4 Bc6 46. Kg3 Bd7 47. Qd5 Qxd5 48. exd5 e4 49. Nd2 e3 50. Nc4 e2 51. Kf2 Bxg4 52. Ne5 Bh5 53. d6 Be8 54. d7 Bxd7 55. Nxd7 Kg6 56. Ne5+ Kf6 57. Nd3 Kf5 58. Nxb4 Ke4 59. Nc2 Kd3 60. b4 Kxc2 61. Kxe2 1-0

[Event "Speed Chess Q1 Sw"]
[Site "Chess.com INT"]
[Date "2023.08.21"]
[Round "4"]
[White "Elissalt Cardenas, Hector"]
[Black "Nigalidze, Gaioz"]
[Result "0-1"]
[WhiteElo "2329"]
[BlackElo "2421"]
[PlyCount "38"]
[EventDate "2023.08.21"]
[EventType "k.o. (blitz)"]
[EventRounds "14"]
[EventCountry "USA"]
[SourceTitle "CBM 215 Extra"]
[Source "ChessBase"]
[SourceDate "2023.09.30"]
[SourceVersion "1"]
[SourceVersionDate "2023.09.30"]
[SourceQuality "1"]

1. d4 Nf6 2. c4 c5 3. d5 b5 4. Qc2 bxc4 5. e4 e6 6. Bxc4 exd5 7. exd5 Bd6 8. Nc3 0-0 9. Nf3 Ba6 10. Bxa6 Nxa6 11. 0-0 Nb4 12. Qf5 g6 13. Qh3 Nh5 14. Bh6 Re8 15. Rae1 Rxe1 16. Rxe1 Nd3 17. Re2 Ndf4 18. Bxf4 Nxf4 19. Re1 Nxh3+ 0-1

[Event "Titled Tuesday intern op 01st Aug Early"]
[Site "Chess.com INT"]
[Date "2023.08.01"]
[Round "5"]
[White "Elissalt Cardenas, Hector"]
[Black "Koshulyan, Egor A"]
[Result "0-1"]
[WhiteElo "2329"]
[BlackElo "2136"]
[PlyCount "68"]
[EventDate "2023.08.01"]
[EventType "swiss (blitz)"]
[EventRounds "11"]
[EventCountry "USA"]
[SourceTitle "EXT 2024"]
[Source "ChessBase"]
[SourceDate "2023.10.10"]
[SourceVersion "1"]
[SourceVersionDate "2023.10.10"]
[SourceQuality "1"]

1. d4 Nf6 2. c4 e5 3. dxe5 Ng4 4. e3 Nxe5 5. f4 Ng6 6. Nf3 Bc5 7. Bd3 Nc6 8. Nc3 d6 9. a3 a5 10. Bd2 0-0 11. Ng5 h6 12. h4 Re8 13. Qf3 Nd4 14. Qg3 Nf5 15. Bxf5 Bxf5 16. 0-0-0 hxg5 17. hxg5 Qd7 18. Qh2 c6 19. Rde1 d5 20. g4 Bxg4 21. Na4 b6 22. Bc3 d4 23. exd4 Rxe1+ 24. Rxe1 Bxd4 25. Rh1 Bxc3 26. Nxb6 Qd2+ 27. Qxd2 Bxd2+ 28. Kxd2 Rb8 29. c5 Bf5 30. b4 axb4 31. axb4 Nxf4 32. Rf1 Rd8+ 33. Kc3 Nd5+ 34. Nxd5 Rxd5 0-1

[Event "Titled Tuesday intern op 01st Aug Late"]
[Site "Chess.com INT"]
[Date "2023.08.01"]
[Round "1"]
[White "Ozates, Tuna"]
[Black "Elissalt Cardenas, Hector"]
[Result "0-1"]
[WhiteElo "2281"]
[BlackElo "2329"]
[PlyCount "112"]
[EventDate "2023.08.01"]
[EventType "swiss (blitz)"]
[EventRounds "11"]
[EventCountry "USA"]
[SourceTitle "EXT 2024"]
[Source "ChessBase"]
[SourceDate "2023.10.10"]
[SourceVersion "1"]
[SourceVersionDate "2023.10.10"]
[SourceQuality "1"]

1. Nf3 d5 2. c4 e6 3. d4 Nf6 4. Nc3 Be7 5. Bg5 0-0 6. e3 h6 7. Bh4 b6 8. Qc2 Bb7 9. Be2 Nbd7 10. 0-0 c5 11. Rfd1 Rc8 12. cxd5 Nxd5 13. Bxe7 Qxe7 14. Qa4 Nxc3 15. bxc3 a6 16. Rac1 b5 17. Qa3 Rfe8 18. c4 cxd4 19. Qxe7 Rxe7 20. Nxd4 b4 21. Nb3 Nc5 22. Na5 Ba8 23. Rd6 f5 24. Rcd1 Kf7 25. h4 g6 26. h5 g5 27. g4 Ne4 28. Rd8 Rec7 29. Rxc8 Rxc8 30. Rd7+ Kf6 31. Rh7 Nc3 32. Rxh6+ Ke5 33. Kf1 Nxe2 34. Kxe2 fxg4 35. Rg6 Bf3+ 36. Kd2 Kf5 37. Nb3 e5 38. c5 g3 39. fxg3 Bxh5 40. Rxa6 Rd8+ 41. Rd6 Rxd6+ 42. cxd6 Ke6 43. Nc5+ Kxd6 44. Ne4+ Kd5 45. Nxg5 Kc4 46. Ne4 Bf3 47. Nd6+ Kd5 48. Nf5 Kc4 49. Nh6 Kb5 50. g4 Bd5 51. g5 Bxa2 52. g6 Ka4 53. g7 Ka3 54. g8Q Bxg8 55. Nxg8 b3 56. Ne7 b2 0-1